000 03996nam a22003378i 4500
001 14238173
005 20250828100254.0
006 m d
007 cr n
008 241121s2025 enk ob 000 0 eng d
020 _a9781350384675
020 _z9781350384682
035 _a(WaSeSS)ssib060509606
040 _aDLC
_beng
_cDLC
_dWaSeSS
041 _aEnglish
042 _apcc
043 _ae-uk---
050 0 0 _aHF5415.1255
_b.P74 2025
100 _aPreston, David
_c(Lecturer on graphic design)
245 1 4 _aThe development of corporate design
_b: brand identity, graphic design and professionalism in post-war Britain
_c/ David Preston.
264 1 _aLondon ;
_aNew York :
_bBloomsbury Visual Arts,
_c2025.
500 _a
504 _aIncludes bibliographical references.
505 _aA macro history of corporate branding — Overarching tropes in the treatment of corporate branding — The history of corporate branding as a programmatic endeavor — An introduction to corporate brand systems in Britain — The 'end of the ideas poster' and the emergence of corporate brand systems — Locating corporate brand systems in the post-war socio-economic context — The developing discourse of corporate branding in Britain — The coordinated brand: The practical rationality of Hans Schleger & Associates — The development of Hans Schleger & Associates — Defining the role of the trademark — Control systems at Hans Schleger and Associates — Reconfiguring brand practice: The systematic methods of Henrion Design Associates — The development of Henrion Design Associates — 'Systematic methods in design co-ordination' — The 'collective enabling enterprise' of design coordination as mapping — Setting brand standards: Design Research Unit and the design manual as an instrument of control — The development of the Design Research Unit — Evolving instruments of control: from recommendations to standards.
520 _aChronicling the emergence of brand consultancy, this book explores how the development and proliferation of brand identity systems transformed the working methods and ideals of practicing graphic designers working in post-war Britain. Practitioners in Britain were at the forefront of efforts to transform corporate identity design into a recognised practice with its own codified methods. Focussing particularly on the British experience, the book also draws on the influences and developments in this formative era in other countries, including the US and Germany. During this period designers were struggling with two conflicting paradigms - the socially motivated, free spirited artist-designer and the design entrepreneur as corporate agent. David Preston uses three key design agencies as the springboard to explore this foundational period in the history of graphic design labour practices - the practical rationality of Hans Schleger & Associates, the systematic methods of Henrion Design Associates and the Design Research Unit and their design manual as an instrument of control. These design agencies created some of the most striking and successful brand identities of the era - the KLM logo, the British Rail double arrow, the John Lewis branding of the 1960s, Glenfiddich's iconic triangular bottle, the Post Office's house style, the National Theatre logo and many more. The case studies look at the power at play, how branding became systematic, the struggle between motives and standards, and draws on first-hand interviews with key actors and archival material. A valuable contribution to our understanding of British post-war graphic design and the history of branding.
_cProvided by publisher.
650 0 _aBranding (Marketing)
_zGreat Britain
_xHistory
_y20th century.
650 0 _aGraphic design (Typography)
_zGreat Britain
_xHistory
_y20th century.
651 0 _aGreat Britain
_xHistory
_yElizabeth II, 1952-2022.
710 2 _aBloomsbury Collections: All Titles
942 _2lcc
999 _c4896
_d4896